[Event "FSFMB August"]
[Site "Budapest HUN"]
[Date "2011.08.10"]
[Round "5"]
[White "Breen, Anthony"]
[Black "Balla, Attila"]
[Result "0-1"]
[WhiteElo "1663"]
[BlackElo "1722"]
[Plycount "48"]
[WhiteFideId "2503174"]
[BlackFideId "712612"]
[EventDate "2011.08.06"]
[Source "TWIC 875"]

1. e4 e5 2. Nf3 Nc6 3. d4 exd4 4. Nxd4 Bc5 5. Nxc6 Qf6 6. Qd2 Qxc6 7. Nc3 Bb4 8.
Bd3 Nf6 9. O-O O-O 10. Qf4 Bxc3 11. bxc3 d6 12. c4 Be6 13. Bb2 Nd7 14. Qg5 f6
15. Qb5 Qc5 16. Qxc5 Nxc5 17. Bd4 Na4 18. f4 c5 19. Bf2 Nb6 20. Rab1 Rab8 21.
Rxb6 axb6 22. Rb1 Ra8 23. Rxb6 Rxa2 24. Rxd6 Ra1+ 0-1

[Event "FSFMB August"]
[Site "Budapest HUN"]
[Date "2011.08.12"]
[Round "7"]
[White "Krstulovic, Alex"]
[Black "Breen, Anthony"]
[Result "1-0"]
[WhiteElo "1597"]
[BlackElo "1663"]
[Plycount "45"]
[WhiteFideId "760056"]
[BlackFideId "2503174"]
[EventDate "2011.08.06"]
[Source "TWIC 875"]

1. d4 e6 2. c4 f5 3. g3 Nf6 4. Bg2 d5 5. Nf3 c6 6. O-O Bd6 7. Qc2 O-O 8. Nc3
Nbd7 9. cxd5 cxd5 10. Nb5 Bb8 11. Bf4 Bxf4 12. gxf4 Nb6 13. Rac1 Nc4 14. b3 Nd6
15. Nxd6 Qxd6 16. Ne5 Ne8 17. Qc5 Qb8 18. Qa3 b6 19. Nc6 Qb7 20. Ne7+ Kh8 21.
Nxc8 Rf7 22. Nd6 Nxd6 23. Qxd6 1-0

[Event "FSFMB August"]
[Site "Budapest HUN"]
[Date "2011.08.13"]
[Round "8"]
[White "Breen, Anthony"]
[Black "Hein, Jacob"]
[Result "0-1"]
[WhiteElo "1663"]
[BlackElo "1557"]
[Plycount "82"]
[WhiteFideId "2503174"]
[BlackFideId "1402870"]
[EventDate "2011.08.06"]
[Source "TWIC 875"]

1. d4 Nf6 2. Nf3 b6 3. e3 Ba6 4. c4 c6 5. Nc3 d6 6. Qa4 Qd7 7. Be2 g6 8. O-O Bg7
9. b4 O-O 10. Rd1 Ne8 11. Bb2 c5 12. b5 Bb7 13. Qc2 a6 14. dxc5 bxc5 15. a4 axb5
16. axb5 Rxa1 17. Rxa1 Qc8 18. Ra7 Nd7 19. Qa4 Nc7 20. Qa5 Na8 21. Ne1 Ndb6 22.
Nd5 Nxd5 23. Bxg7 Kxg7 24. cxd5 Bxd5 25. Rxe7 Qd8 26. Qa7 Nb6 27. Qa1+ Kg8 28.
Ra7 Nc8 29. Ra3 c4 30. Bf3 Bxf3 31. Nxf3 Qb6 32. Nd4 Qc5 33. Ra8 c3 34. Qa2 Qb4
35. g3 Qb2 36. Ra3 Nb6 37. Qxb2 cxb2 38. Rb3 Nc4 39. Rb4 d5 40. e4 Ra8 41. Nc2
Ra1+ 0-1

[Event "98th ch-GBR"]
[Site "Sheffield ENG"]
[Date "2011.08.05"]
[Round "11.16"]
[White "Griffiths, Ryan Rhys"]
[Black "Yurenok, Maria S"]
[Result "1-0"]
[WhiteTitle "FM"]
[BlackTitle "WFM"]
[WhiteElo "2301"]
[BlackElo "2090"]
[Plycount "77"]
[WhiteFideId "2502054"]
[BlackFideId "409359"]
[EventDate "2011.07.25"]
[Source "TWIC 875"]

1. c4 e5 2. g3 d6 3. Nc3 f5 4. Bg2 Nf6 5. d3 Be7 6. e4 c6 7. Nge2 Na6 8. O-O O-O
9. h3 Qe8 10. exf5 Bxf5 11. g4 Bd7 12. f4 Nc7 13. d4 exd4 14. Nxd4 Qf7 15. b3
Rad8 16. Nf3 d5 17. Ne5 Bc5+ 18. Kh2 Qe7 19. Re1 Bf2 20. Rf1 Bc5 21. Qe2 Be8 22.
Bb2 Nd7 23. cxd5 Nxe5 24. fxe5 Nxd5 25. Nxd5 cxd5 26. Rxf8+ Qxf8 27. Rd1 a6 28.
Rxd5 Rxd5 29. Bxd5+ Kh8 30. Qf3 Qe7 31. Bxb7 Qg5 32. Be4 Qd2+ 33. Qg2 Qf4+ 34.
Kh1 Bb5 35. a4 Bf1 36. Qf3 Qd2 37. Bd3 Bg2+ 38. Qxg2 Qe1+ 39. Kh2 1-0

[Event "98th ch-GBR"]
[Site "Sheffield ENG"]
[Date "2011.08.05"]
[Round "11.30"]
[White "Hegarty, Sarah N."]
[Black "Salimbeni, George P W"]
[Result "1/2-1/2"]
[WhiteTitle "WFM"]
[WhiteElo "2065"]
[BlackElo "2150"]
[Plycount "51"]
[WhiteFideId "2501465"]
[BlackFideId "404080"]
[EventDate "2011.07.25"]
[Source "TWIC 875"]

1. e4 e5 2. Bc4 Nf6 3. d3 Nc6 4. Nf3 Be7 5. O-O O-O 6. Re1 d6 7. c3 a6 8. Bb3 h6
9. Nbd2 Re8 10. Nf1 Bf8 11. Ne3 Na5 12. Bc2 c5 13. Bd2 b5 14. a4 Bb7 15. Nf5 c4
16. b4 cxb3 17. Bxb3 d5 18. Bxd5 Nxd5 19. exd5 Qxd5 20. c4 bxc4 21. Ne3 Qc5 22.
Bxa5 Qxa5 23. Nxc4 Bxf3 24. Qxf3 Qc5 25. Nxe5 Ra7 26. Nc4 1/2-1/2

[Event "98th ch-GBR"]
[Site "Sheffield ENG"]
[Date "2011.08.05"]
[Round "11.35"]
[White "Simons, Martin J"]
[Black "Magee, Ronan"]
[Result "1-0"]
[WhiteElo "2179"]
[BlackElo "1953"]
[Plycount "37"]
[WhiteFideId "407577"]
[BlackFideId "2503000"]
[EventDate "2011.07.25"]
[Source "TWIC 875"]

1. d4 d5 2. e4 dxe4 3. Nc3 Nf6 4. f3 c6 5. Bc4 e6 6. fxe4 Bb4 7. e5 Nd5 8. Qd3
Qa5 9. Bd2 Nd7 10. Nf3 Bxc3 11. bxc3 b5 12. Bb3 Ba6 13. Ng5 h6 14. Ne4 O-O 15.
O-O Qb6 16. Bxd5 cxd5 17. Nf6+ gxf6 18. exf6 Qd6 19. Bf4 1-0

[Event "FSFMB August"]
[Site "Budapest HUN"]
[Date "2011.08.15"]
[Round "10"]
[White "Balla, Attila"]
[Black "Breen, Anthony"]
[Result "1-0"]
[WhiteElo "1722"]
[BlackElo "1663"]
[Plycount "37"]
[WhiteFideId "712612"]
[BlackFideId "2503174"]
[EventDate "2011.08.06"]
[Source "TWIC 876"]

1. d4 d5 2. c4 e6 3. Nf3 Nf6 4. Bg5 Nbd7 5. e3 c6 6. Nc3 Qa5 7. a3 Ne4 8. Qc2
Bb4 9. Bd3 Nxc3 10. O-O Bd6 11. bxc3 dxc4 12. Bxc4 h6 13. Bh4 Nb6 14. Bd3 O-O
15. c4 Nd7 16. c5 Bc7 17. Nd2 b5 18. a4 Bd8 19. Bg3 1-0

[Event "City of Dublin IM"]
[Site "Dublin IRL"]
[Date "2011.08.29"]
[Round "8"]
[White "Mannion, Stephen R"]
[Black "Brady, Stephen"]
[Result "1/2-1/2"]
[WhiteTitle "IM"]
[BlackTitle "FM"]
[WhiteElo "2353"]
[BlackElo "2357"]
[Plycount "224"]
[WhiteFideId "2400111"]
[BlackFideId "2500124"]
[EventDate "2011.08.26"]
[Source "TWIC 878"]

1. e4 e6 2. d4 d5 3. Nd2 c5 4. exd5 exd5 5. Ngf3 Nc6 6. Bb5 Bd6 7. dxc5 Bxc5 8.
O-O Ne7 9. Nb3 Bb6 10. Re1 O-O 11. Bd3 h6 12. c3 Qd6 13. Be3 Bxe3 14. Rxe3 Nf5
15. Re2 Be6 16. Qc2 g6 17. Rae1 Rac8 18. Qd2 Kh7 19. h4 Ng7 20. Nfd4 Bg4 21. Re3
Qf6 22. g3 Rce8 23. f3 Bd7 24. Rxe8 Rxe8 25. Rxe8 Bxe8 26. Qe3 Bd7 27. Kg2 Ne5
28. Bb1 Nh5 29. Nc5 Nc4 30. Qf2 Bc8 31. b3 Nd6 32. Qe3 b6 33. Nd3 Nf5 34. Nxf5
Bxf5 35. g4 Bxd3 36. Bxd3 Qf4 37. Qe1 Ng7 38. h5 Qf6 39. hxg6+ fxg6 40. Qe3 Ne6
41. Kg3 Kg7 42. c4 d4 43. Qe4 Nc5 44. Qe2 a5 45. f4 Qd6 46. Kf3 g5 47. fxg5 hxg5
48. Bf5 d3 49. Qb2+ Kg8 50. Qd2 Qc6+ 51. Ke3 Qh1 52. Bxd3 Qh3+ 53. Kd4 Qxg4+ 54.
Kc3 Kg7 55. Kc2 Kf6 56. Qc3+ Ke6 57. Qe1+ Kd6 58. Bg6 Qf4 59. Qd1+ Ke7 60. Qe2+
Kf6 61. Bh5 Ne6 62. Kb2 Qd4+ 63. Ka3 Nf4 64. Qe8 Qd6+ 65. Kb2 Qd2+ 66. Ka3 Qd6+
67. Kb2 Qe5+ 68. Qxe5+ Kxe5 69. Bd1 Kd4 70. a3 Nd3+ 71. Kc2 Nf2 72. Bf3 g4 73.
Bg2 g3 74. Kd2 Ng4 75. Bc6 Ne5 76. Ba8 Nd3 77. Bc6 Nf4 78. Ke1 Kc3 79. b4 axb4
80. axb4 Kxb4 81. Bb5 Kc3 82. Kf1 Kd4 83. Kg1 Ke3 84. Ba6 Nd3 85. Kg2 Kf4 86.
Bb7 Ne1+ 87. Kf1 Nc2 88. Kg1 Ne3 89. Ba6 Ke5 90. Kh1 Kf6 91. Kg1 Kg6 92. Kh1 Kg5
93. Kg1 Kf4 94. Bb5 Nc2 95. Ba6 Ne1 96. Kf1 Nf3 97. Kg2 Nh4+ 98. Kg1 Ke3 99. Bb5
Kd4 100. Ba6 Kc5 101. Kf1 Kc6 102. Kg1 Kd6 103. Kf1 Ke5 104. Kg1 Kf4 105. Kh1
Ke3 106. Kg1 g2 107. Bb7 Kd4 108. Ba6 Ke3 109. Bb7 Ke2 110. Bc6 Kd3 111. Bb5 Kc3
112. Ba6 Nf5 1/2-1/2

[Event "ch-Euro Youth b18"]
[Site "Albena BUL"]
[Date "2011.09.12"]
[Round "2.5"]
[White "Kanarek, Marcel"]
[Black "Griffiths, Ryan Rhys"]
[Result "1/2-1/2"]
[WhiteTitle "IM"]
[BlackTitle "FM"]
[WhiteElo "2444"]
[BlackElo "2317"]
[Plycount "198"]
[WhiteFideId "1126822"]
[BlackFideId "2502054"]
[EventDate "2011.09.11"]
[Source "TWIC 881"]

1. d4 Nf6 2. c4 g6 3. Nf3 Bg7 4. g3 c6 5. Bg2 d5 6. O-O O-O 7. Qb3 Qb6 8. Nc3
Rd8 9. Rd1 Be6 10. c5 Qxb3 11. axb3 Na6 12. Bf4 Nd7 13. Ra4 Bf5 14. Rda1 f6 15.
Nxd5 cxd5 16. c6 bxc6 17. Rxa6 e5 18. Be3 Rac8 19. Rxa7 c5 20. dxe5 fxe5 21. Bg5
e4 22. Bxd8 exf3 23. Bxf3 Rxd8 24. Bxd5+ Kf8 25. Kg2 g5 26. e4 Bg6 27. Ra8 Rxa8
28. Rxa8+ Ke7 29. Ra7 g4 30. h3 h5 31. hxg4 hxg4 32. Bc6 Be8 33. b4 cxb4 34. Rb7
Bxb2 35. Rxb4 Bc3 36. Rb7 Kd6 37. Bxd7 Bxd7 38. f3 gxf3+ 39. Kxf3 Bd2 40. Rb3
Bg5 41. Rd3+ Ke6 42. Rd5 Bc1 43. g4 Be8 44. Rc5 Bd2 45. Ke2 Bf4 46. Ra5 Bd7 47.
Kf3 Bd2 48. Rd5 Bc1 49. Rc5 Bd2 50. g5 Be8 51. Kg4 Bg6 52. Rc6+ Kf7 53. e5 Be4
54. Rf6+ Kg7 55. e6 Bc6 56. Kf5 Be8 57. e7 Bd7+ 58. Re6 Kf7 59. g6+ Ke8 60. g7
Kf7 61. Ke4 Kxg7 62. Rd6 Be8 63. Rxd2 Kf7 64. Ke5 Kxe7 65. Rf2 Bb5 66. Rb2 Bc6
67. Rc2 Kd7 68. Rd2+ Ke7 69. Rd6 Bf3 70. Rf6 Be2 71. Rf2 Bd1 72. Rf1 Be2 73. Re1
Bb5 74. Rb1 Bc6 75. Rc1 Kd7 76. Rg1 Bf3 77. Rg7+ Kc6 78. Rg6+ Kc5 79. Rg3 Bh5
80. Rc3+ Kb5 81. Kd4 Be8 82. Rc5+ Kb6 83. Kd5 Bf7+ 84. Kd6 Bg6 85. Rg5 Bd3 86.
Rg3 Bc4 87. Rg1 Bd3 88. Rg3 Bc4 89. Rg2 Kb5 90. Rb2+ Ka4 91. Kc5 Ka3 92. Rb6 Bb3
93. Kd4 Ka4 94. Rb8 Be6 95. Kc5 Bf5 96. Rf8 Be6 97. Re8 Bf7 98. Re7 Bg8 99. Re3
Bf7 1/2-1/2

[Event "ch-Euro Youth b18"]
[Site "Albena BUL"]
[Date "2011.09.13"]
[Round "3.10"]
[White "Griffiths, Ryan Rhys"]
[Black "Pavlidis, Antonios"]
[Result "1/2-1/2"]
[WhiteTitle "FM"]
[BlackTitle "IM"]
[WhiteElo "2317"]
[BlackElo "2427"]
[Plycount "64"]
[WhiteFideId "2502054"]
[BlackFideId "4212312"]
[EventDate "2011.09.11"]
[Source "TWIC 881"]

1. c4 Nf6 2. g3 e5 3. Bg2 d5 4. cxd5 Nxd5 5. Nc3 Nb6 6. Nf3 Nc6 7. O-O Be7 8. a3
O-O 9. b4 Be6 10. Rb1 f6 11. d3 Nd4 12. Nd2 c6 13. Nde4 Nd5 14. Bd2 b6 15. e3
Nb5 16. Nxb5 cxb5 17. Nc3 Rc8 18. Nxd5 Bxd5 19. Bxd5+ Qxd5 20. Qb3 Qxb3 21. Rxb3
Rc2 22. Rd1 Rfc8 23. Kf1 Kf7 24. Ke1 Ra2 25. Rc1 Rxc1+ 26. Bxc1 a5 27. Bd2 Ke6
28. bxa5 bxa5 29. Rxb5 Rxa3 30. Rxa5 Rxd3 31. Ra6+ Kf5 32. f3 Rb3 1/2-1/2

[Event "ch-Euro Youth b18"]
[Site "Albena BUL"]
[Date "2011.09.14"]
[Round "4.7"]
[White "Lagarde, Maxime"]
[Black "Griffiths, Ryan Rhys"]
[Result "1-0"]
[WhiteTitle "FM"]
[BlackTitle "FM"]
[WhiteElo "2452"]
[BlackElo "2317"]
[Plycount "41"]
[WhiteFideId "662399"]
[BlackFideId "2502054"]
[EventDate "2011.09.11"]
[Source "TWIC 881"]

1. d4 Nf6 2. c4 g6 3. Nc3 d5 4. cxd5 Nxd5 5. Bd2 Bg7 6. Nf3 O-O 7. e4 Nxc3 8.
Bxc3 Bg4 9. Qd2 c5 10. d5 Bxf3 11. Bxg7 Kxg7 12. Qc3+ Kg8 13. gxf3 Qd6 14. O-O-O
e5 15. f4 f6 16. f5 g5 17. h4 h6 18. Qf3 Rf7 19. Bb5 Kf8 20. Qh5 Ke7 21. hxg5 1-0

[Event "ch-Euro Youth b18"]
[Site "Albena BUL"]
[Date "2011.09.19"]
[Round "8.13"]
[White "Firat, Burak"]
[Black "Griffiths, Ryan Rhys"]
[Result "1-0"]
[WhiteTitle "IM"]
[BlackTitle "FM"]
[WhiteElo "2387"]
[BlackElo "2317"]
[Plycount "67"]
[WhiteFideId "6305881"]
[BlackFideId "2502054"]
[EventDate "2011.09.11"]
[Source "TWIC 881"]

1. e4 c5 2. c3 d5 3. exd5 Qxd5 4. d4 Nc6 5. Nf3 Bg4 6. dxc5 Qxd1+ 7. Kxd1 e5 8.
b4 a5 9. b5 Nd8 10. c6 bxc6 11. h3 Bxf3+ 12. gxf3 Bc5 13. Kc2 cxb5 14. Bxb5+ Ke7
15. Nd2 f5 16. Nc4 Nf7 17. Rb1 Bxf2 18. Ba3+ Kf6 19. Rhf1 Bg3 20. Bc6 Ra6 21.
Bb7 Re6 22. Bd5 Ra6 23. Bxf7 Kxf7 24. Rb8 Re6 25. Rg1 f4 26. Nd6+ Kg6 27. c4 h5
28. c5 Re7 29. c6 Rc7 30. Rc8 Rxc8 31. Nxc8 Nf6 32. Ne7+ Kg5 33. c7 Re8 34. Rd1 1-0

[Event "Topalov Clock Simul"]
[Site "Dublin IRL"]
[Date "2011.10.03"]
[Round "1"]
[White "Baburin, Alexander"]
[Black "Topalov, Veselin"]
[Result "1-0"]
[WhiteTitle "GM"]
[BlackTitle "GM"]
[WhiteElo "2535"]
[BlackElo "2768"]
[Plycount "111"]
[WhiteFideId "2500914"]
[BlackFideId "2900084"]
[EventDate "2011.10.03"]
[Source "TWIC 883"]

1. d4 Nf6 2. c4 g6 3. Nf3 Bg7 4. g3 d5 5. Bg2 dxc4 6. Na3 c3 7. bxc3 O-O 8. O-O
c5 9. Qb3 Nc6 10. Rd1 Na5 11. Qb2 Qb6 12. Qxb6 axb6 13. Ne5 Be6 14. Bb2 Rfc8 15.
f4 Bd5 16. Bh3 Rd8 17. c4 Be4 18. d5 h5 19. Rac1 Ng4 20. Bxg4 hxg4 21. Nb5 Bf5
22. Ba1 f6 23. Nd3 Bd7 24. Nc7 Rac8 25. d6 exd6 26. Nd5 Be6 27. Ne7+ Kf7 28.
Nxc8 Rxc8 29. f5 Bxf5 30. Nf4 Rc6 31. Nd5 Be4 32. Rf1 Bxd5 33. cxd5 Rc8 34. Rf4
g5 35. Re4 b5 36. Re6 Re8 37. Rxd6 Rxe2 38. Rd7+ Kg6 39. d6 Nc4 40. Re7 Rxe7 41.
dxe7 Kf7 42. a4 b6 43. axb5 Nd6 44. Re1 Ke8 45. Re6 Nxb5 46. Rxb6 Nd4 47. Bxd4
cxd4 48. Re6 Bh8 49. Kf2 f5 50. Ke2 f4 51. Kd3 Bg7 52. Ke4 d3 53. Kxd3 Bb2 54.
Ke4 f3 55. Kd3 Ba3 56. Re4 1-0

[Event "Topalov Clock Simul"]
[Site "Dublin IRL"]
[Date "2011.10.03"]
[Round "1"]
[White "Topalov, Veselin"]
[Black "Collins, Sam"]
[Result "1/2-1/2"]
[WhiteTitle "GM"]
[BlackTitle "IM"]
[WhiteElo "2768"]
[BlackElo "2436"]
[Plycount "102"]
[WhiteFideId "2900084"]
[BlackFideId "2501198"]
[EventDate "2011.10.03"]
[Source "TWIC 883"]

1. e4 e5 2. Nf3 Nc6 3. Bb5 a6 4. Ba4 Nf6 5. O-O Be7 6. Re1 b5 7. Bb3 d6 8. c3
O-O 9. h3 Na5 10. Bc2 c5 11. d4 Qc7 12. d5 Bd7 13. b3 Rfb8 14. Nbd2 Nb7 15. c4
Ne8 16. Nf1 Nd8 17. Ne3 g6 18. Ng4 f6 19. Nh6+ Kh8 20. Nh2 a5 21. cxb5 Bxb5 22.
Bd2 Bd7 23. N2g4 Bf8 24. Rc1 Bc8 25. h4 Nf7 26. Nxf7+ Qxf7 27. Ne3 Be7 28. Nc4
Bd8 29. f4 Qe7 30. Rf1 Ba6 31. h5 a4 32. hxg6 axb3 33. Bxb3 hxg6 34. Rc3 Bxc4
35. Bxc4 Ba5 36. Rh3+ Kg7 37. Bc1 exf4 38. Bxf4 Rb2 39. e5 f5 40. Qc1 Rab8 41.
Bb3 Re2 42. exd6 Qe4 43. Rh2 Bd2 44. Bxd2 Qd4+ 45. Kh1 Rxd2 46. Qe1 Nxd6 47.
Qe7+ Nf7 48. Qc7 Rh8 49. Rxh8 Kxh8 50. Qxf7 Qh4+ 51. Kg1 Qd4+ 1/2-1/2

[Event "FSFMB Oct"]
[Site "Budapest HUN"]
[Date "2011.10.01"]
[Round "1"]
[White "Csetneki, Mark"]
[Black "Breen, Anthony"]
[Result "1-0"]
[WhiteElo "1629"]
[BlackElo "1648"]
[Plycount "71"]
[WhiteFideId "748498"]
[BlackFideId "2503174"]
[EventDate "2011.10.01"]
[Source "TWIC 883"]

1. d4 Nf6 2. c4 e6 3. Nc3 d5 4. Nf3 Nbd7 5. e3 c6 6. Bd3 Be7 7. O-O O-O 8. Qe2
Qc7 9. Rb1 dxc4 10. Bxc4 b5 11. Bd3 Bb7 12. b4 a6 13. a3 e5 14. dxe5 Nxe5 15.
Nxe5 Qxe5 16. Bb2 Bd6 17. f4 Qe7 18. e4 Bc7 19. e5 Ne8 20. Qh5 g6 21. Qh6 c5 22.
Ne4 Bxe4 23. Bxe4 Ra7 24. Rbe1 cxb4 25. Bd4 bxa3 26. Bxa7 Bxe5 27. fxe5 Qxa7+
28. Kh1 Ng7 29. Qh3 b4 30. Qb3 a5 31. Bd5 Nf5 32. e6 fxe6 33. Bxe6+ Kh8 34. Bxf5
gxf5 35. Qd5 Qb8 36. Re7 1-0

[Event "FSFMB Oct"]
[Site "Budapest HUN"]
[Date "2011.10.02"]
[Round "2"]
[White "Czipp, Janos"]
[Black "Breen, Anthony"]
[Result "0-1"]
[WhiteElo "1467"]
[BlackElo "1648"]
[Plycount "48"]
[WhiteFideId "739294"]
[BlackFideId "2503174"]
[EventDate "2011.10.01"]
[Source "TWIC 883"]

1. d4 e6 2. c4 Nf6 3. Nc3 d5 4. e3 Be7 5. Nf3 O-O 6. Bd3 b6 7. O-O Bb7 8. Rb1
Ne4 9. Qc2 f5 10. cxd5 exd5 11. Nd2 Ba6 12. Bxa6 Nxa6 13. Qa4 Nb4 14. a3 Nd3 15.
Qc6 Nxc3 16. Qxc3 Nxc1 17. Rfxc1 Rc8 18. Nf3 f4 19. Ne5 fxe3 20. fxe3 Bd6 21.
Rf1 Qg5 22. Nf3 Qg6 23. Rbd1 Qh6 24. Qc6 Bxh2+ 0-1

[Event "FSFMB Oct"]
[Site "Budapest HUN"]
[Date "2011.10.04"]
[Round "4"]
[White "Somogyi, Akos"]
[Black "Breen, Anthony"]
[Result "0-1"]
[WhiteElo "1295"]
[BlackElo "1648"]
[Plycount "106"]
[WhiteFideId "763330"]
[BlackFideId "2503174"]
[EventDate "2011.10.01"]
[Source "TWIC 883"]

1. e4 e6 2. d4 d5 3. e5 c5 4. c3 Nc6 5. Nf3 Bd7 6. Be2 Nge7 7. Bg5 Qb6 8. b3
cxd4 9. cxd4 Nf5 10. Be3 Bb4+ 11. Nbd2 Ncxd4 12. Nxd4 Nxd4 13. Bxd4 Qxd4 14. Rc1
Qxe5 15. Qc2 O-O 16. Qc7 Bxd2+ 17. Kxd2 Qg5+ 18. f4 Qd8 19. Qxb7 Qa5+ 20. Ke3
d4+ 21. Kf2 Rfd8 22. Rc7 Rab8 23. Qxa7 Qd2 24. Rd1 Qxf4+ 25. Ke1 Be8 26. Rb7
Rbc8 27. Rb4 Qxh2 28. Rbxd4 Qg1+ 29. Bf1 Qe3+ 30. Be2 Qg1+ 31. Bf1 Qe3+ 32. Be2
Rc2 33. R1d2 Rxd2 34. Rxd2 Qxa7 35. Rxd8 Qa5+ 36. Rd2 g6 37. Kd1 Bc6 38. Bf3
Bxf3+ 39. gxf3 h5 40. Ke2 h4 41. Ke3 Qxd2+ 42. Kxd2 h3 43. a4 h2 44. a5 h1=Q 45.
a6 Qxf3 46. b4 Qc6 47. b5 Qxb5 48. a7 Qa5+ 49. Kd1 Qxa7 50. Ke2 Qa6+ 51. Kd2 Kg7
52. Ke3 Qa3+ 53. Kd2 Qb2+ 0-1

[Event "FSFMB Oct"]
[Site "Budapest HUN"]
[Date "2011.10.05"]
[Round "5"]
[White "Breen, Anthony"]
[Black "Mihajlova, Diana"]
[Result "1-0"]
[WhiteElo "1648"]
[BlackElo "1425"]
[Plycount "68"]
[WhiteFideId "2503174"]
[BlackFideId "468444"]
[EventDate "2011.10.01"]
[Source "TWIC 883"]

1. Nf3 Nc6 2. c4 e5 3. d3 Nf6 4. g3 Bc5 5. Bg2 Ng4 6. O-O f5 7. h3 Nf6 8. Nc3
O-O 9. a3 a5 10. Bg5 d6 11. Nd5 Be6 12. Bxf6 Rxf6 13. Nxf6+ Qxf6 14. Qc2 Nd4 15.
Nxd4 Bxd4 16. Rab1 c6 17. b4 a4 18. b5 d5 19. bxc6 bxc6 20. cxd5 cxd5 21. Qc6
Rd8 22. Qxa4 e4 23. Rb7 f4 24. gxf4 e3 25. Rc1 exf2+ 26. Kf1 Qxf4 27. Rcc7 Bf7
28. Qd7 Rf8 29. Bxd5 h6 30. Qxf7+ Rxf7 31. Rc8+ Kh7 32. Rxf7 h5 33. Rxf4 Be3 34.
Rf3 Bd4 1-0

[Event "FSFMB Oct"]
[Site "Budapest HUN"]
[Date "2011.10.06"]
[Round "6"]
[White "Breen, Anthony"]
[Black "Csetneki, Mark"]
[Result "1/2-1/2"]
[WhiteElo "1648"]
[BlackElo "1629"]
[Plycount "56"]
[WhiteFideId "2503174"]
[BlackFideId "748498"]
[EventDate "2011.10.01"]
[Source "TWIC 883"]

1. e4 e5 2. Nf3 Nc6 3. d4 exd4 4. Bc4 h6 5. O-O Bc5 6. c3 dxc3 7. Bxf7+ Kf8 8.
Bxg8 Rxg8 9. Nxc3 d6 10. h3 Rh8 11. e5 g6 12. Ne4 Bf5 13. Nxc5 dxc5 14. Be3 b6
15. Qa4 Nb4 16. Rfd1 Qe7 17. Rac1 Nd3 18. Qc6 Kg7 19. g4 Be4 20. Qxe4 Nxc1 21.
Bxc1 Rad8 22. Re1 Rhf8 23. a3 Qf7 24. Kg2 Rde8 25. e6 Rxe6 26. Qxe6 Qxf3+ 27.
Kh2 Qxf2+ 28. Kh1 Qf3+ 1/2-1/2

[Event "FSFMB Oct"]
[Site "Budapest HUN"]
[Date "2011.10.07"]
[Round "7"]
[White "Breen, Anthony"]
[Black "Czipp, Janos"]
[Result "1-0"]
[WhiteElo "1648"]
[BlackElo "1467"]
[Plycount "49"]
[WhiteFideId "2503174"]
[BlackFideId "739294"]
[EventDate "2011.10.01"]
[Source "TWIC 883"]

1. e4 d6 2. d4 Nf6 3. Nc3 g6 4. Be2 Bg7 5. Be3 Nbd7 6. f4 Nb6 7. h3 Bd7 8. Nf3
Nh5 9. Kf2 O-O 10. g4 Nf6 11. Qd2 Na4 12. Bd3 Nxc3 13. bxc3 Bb5 14. Rag1 Bxd3
15. cxd3 Nd7 16. h4 f5 17. h5 fxg4 18. Ng5 Qe8 19. Ne6 Qf7 20. Nxf8 Rxf8 21.
hxg6 Qxg6 22. Ke1 h5 23. f5 Qh7 24. Rxg4 Nf6 25. Rg6 1-0

[Event "e2e4 High Wycombe Open"]
[Site "Uplands Park ENG"]
[Date "2011.10.07"]
[Round "1"]
[White "Hegarty, Sarah N."]
[Black "Wang, Xingliang Anna"]
[Result "1-0"]
[WhiteTitle "WFM"]
[WhiteElo "2051"]
[BlackElo "1735"]
[Plycount "95"]
[WhiteFideId "2501465"]
[BlackFideId "415782"]
[EventDate "2011.10.07"]
[Source "TWIC 883"]

1. b3 Nf6 2. Bb2 g6 3. Bxf6 exf6 4. e4 Bg7 5. Nc3 O-O 6. Be2 d6 7. Bg4 Re8 8.
Bxc8 Qxc8 9. Nge2 f5 10. exf5 Qxf5 11. O-O Nc6 12. Rc1 d5 13. Nb5 Rac8 14. Ng3
Qd7 15. Nc3 d4 16. Nce4 f5 17. Nc5 Qd6 18. Nd3 f4 19. Ne2 Bh6 20. f3 Qf6 21. Nf2
Rcd8 22. Ne4 Qe5 23. Qe1 Ne7 24. Qh4 Nf5 25. Qh3 Bg7 26. Qg4 Bh6 27. Rfe1 Nd6
28. Nf2 Qf6 29. Nd3 Rf8 30. Nc5 Rfe8 31. Nd3 Rf8 32. Kh1 Rde8 33. Nc5 Qe7 34.
Kg1 Nc8 35. Nd3 Qf6 36. Kf1 b6 37. b4 Ne7 38. Qd7 Nc6 39. b5 Nb8 40. Qxc7 Rf7
41. Qc4 Bg7 42. Nexf4 Rxe1+ 43. Rxe1 Nd7 44. Re8+ Nf8 45. Nd5 Qd6 46. Ne7+ Kh8
47. Qxf7 Qf6 48. Qg8# 1-0

[Event "e2e4 High Wycombe Open"]
[Site "Uplands Park ENG"]
[Date "2011.10.08"]
[Round "2"]
[White "Friedland, Jon S"]
[Black "Hegarty, Sarah N."]
[Result "1-0"]
[WhiteTitle "CM"]
[BlackTitle "WFM"]
[WhiteElo "2163"]
[BlackElo "2051"]
[Plycount "69"]
[WhiteFideId "408484"]
[BlackFideId "2501465"]
[EventDate "2011.10.07"]
[Source "TWIC 883"]

1. e4 Nf6 2. e5 Nd5 3. d4 d6 4. c4 Nb6 5. exd6 cxd6 6. Nc3 g6 7. Be3 Bg7 8. Rc1
O-O 9. b3 f5 10. Qd2 e5 11. dxe5 dxe5 12. Qxd8 Rxd8 13. Nb5 f4 14. Bc5 Na6 15.
Be7 Re8 16. Bd6 Be6 17. Nf3 Nc8 18. Ng5 Kh8 19. Be2 Bf5 20. Ba3 h6 21. Nf7+ Kh7
22. Nfd6 Nxd6 23. Nxd6 Bf8 24. c5 e4 25. Nxe8 Rxe8 26. O-O Nc7 27. Bb2 g5 28. h3
Ne6 29. b4 f3 30. Bb5 fxg2 31. Kxg2 Nf4+ 32. Kh2 Rc8 33. Rcd1 Bxh3 34. Rfe1 Rc7
35. Be5 1-0

[Event "e2e4 High Wycombe Open"]
[Site "Uplands Park ENG"]
[Date "2011.10.08"]
[Round "3"]
[White "Hegarty, Sarah N."]
[Black "Nettleton, Charlie B"]
[Result "1-0"]
[WhiteTitle "WFM"]
[WhiteElo "2051"]
[BlackElo "1834"]
[Plycount "67"]
[WhiteFideId "2501465"]
[BlackFideId "419710"]
[EventDate "2011.10.07"]
[Source "TWIC 883"]

1. e4 c6 2. d4 d5 3. f3 g6 4. Be3 Bg7 5. Nc3 e6 6. Qd2 b6 7. Nge2 Nd7 8. Ng3 Bb7
9. exd5 exd5 10. Be2 Ne7 11. O-O Nf6 12. Nd1 O-O 13. Nf2 Bc8 14. Bd3 Ne8 15.
Rae1 Be6 16. c3 Qd7 17. Bg5 Bf6 18. Nh5 Bxg5 19. Qxg5 f6 20. Qe3 Nc7 21. Nf4 Nf5
22. Qd2 Nd6 23. Nxe6 Nxe6 24. Ng4 Rae8 25. Re2 Qg7 26. Rfe1 Nc7 27. Qf4 Nc8 28.
Nxf6+ Qxf6 29. Qxc7 Rxe2 30. Rxe2 Qd6 31. Qb7 Rd8 32. Ba6 Qf4 33. Qxc6 Qd6 34.
Re8+ 1-0